|
|
|
|
| LEADER |
01350nam a2200349Ia 4500 |
| 001 |
EBC1024548 |
| 003 |
MiAaPQ |
| 005 |
20200520144314.0 |
| 006 |
m o d | |
| 007 |
cr cn||||||||| |
| 008 |
120109r20121988enka sb 001 0 eng d |
| 020 |
|
|
|z 9780415527965
|
| 020 |
|
|
|a 9780203116944 (electronic bk.)
|
| 035 |
|
|
|a (MiAaPQ)EBC1024548
|
| 035 |
|
|
|a (Au-PeEL)EBL1024548
|
| 035 |
|
|
|a (CaPaEBR)ebr10603628
|
| 035 |
|
|
|a (CaONFJC)MIL391777
|
| 035 |
|
|
|a (OCoLC)811505942
|
| 040 |
|
|
|a MiAaPQ
|c MiAaPQ
|d MiAaPQ
|
| 050 |
|
4 |
|a HG2986
|b .C65 2012
|
| 100 |
1 |
|
|a Collins, Michael,
|d 1946-
|
| 245 |
1 |
0 |
|a Money and banking in the UK
|h [electronic resource] :
|b a history /
|c Michael Collins.
|
| 260 |
|
|
|a London ;
|a New York :
|b Routledge,
|c 2012, c1988.
|
| 300 |
|
|
|a 640 p. :
|b ill.
|
| 490 |
0 |
|
|a Routledge library editions. Banking & finance ;
|v vol. 6
|
| 504 |
|
|
|a Includes bibliographic references and index.
|
| 533 |
|
|
|a Electronic reproduction. Ann Arbor, MI : ProQuest, 2015. Available via World Wide Web. Access may be limited to ProQuest affiliated libraries.
|
| 650 |
|
0 |
|a Banks and banking
|z Great Britain
|x History.
|
| 650 |
|
0 |
|a Monetary policy
|z Great Britain
|x History.
|
| 655 |
|
4 |
|a Electronic books.
|
| 710 |
2 |
|
|a ProQuest (Firm)
|
| 856 |
4 |
0 |
|u https://ebookcentral.proquest.com/lib/matrademy/detail.action?docID=1024548
|z Click to View
|